LDR 00835naa#a2200169#i#450# 001 RU\FGKOU VO SPBU MVD ROSSII\bibl\103770 005 20260701023240.3 011 ## _a2071-8284 100 ## _a20260630b2026####ek#y0rusy0150####ca 101 0# _aRUS 102 ## _aRU 200 1# _aРазвитие правовых основ китайской миграционной политики в период с конца 1970-х до начала 2020-х годов _eЖурнальная статья 210 1# _aСанкт-Петербург _cСАНКТ-ПЕТЕРБУРГСКИЙ УНИВЕРСИТЕТ МИНИСТЕРСТВА ВНУТРЕННИХ ДЕЛ РОССИЙСКОЙ ФЕДЕРАЦИИ _d2026 215 ## _a10 с. 608 ## _aЖурнальная статья _2local 700 #1 _aКобец _gПетр Николаевич 856 4# _avestnikspbmvd.ru _u